00967pab a2200169 454500008004000000100002000040245004100060260000900101300001600110362001100126520047600137650001800613773003400631909001000665999001700675952010500692180718b2006 xxu||||| |||| 00| 0 eng d aCusters, Peters aGlobalisation and war in Ivory Coast c2006 ap.1844-846. a13 May aFor many years the Ivory Coast was cited as an example of successful post-colonial development, based largely on the expansion in cultivation of a single agricultural crop, i.e. cocoa beans. In the late 1990s, the World Bank and the International Monetary Fund imposed structural adjustment programmes on the country. Later the fall in cocoa prices at the farm level and smuggling transformed cocoa into an export product used to finance military campaigns. - Reproduced. aGlobalization aEconomic and Political Weekly a69622 c69622d69622 00104070aIIPAbIIPAd2018-07-19hVolume no: 41, Issue no: 19pAR70078r2018-07-19w2018-07-19yAR